000 00264nam a22001217a 4500
008 181025b xxu||||| |||| 00| 0 eng d
041 _aeng
080 _a610
100 _a3
101 _aSHM
245 _aManual Of Lipid Disorders
_cGotto.A
942 _2udc
_cBK
999 _c50925
_d50925